|
|
|
|
| LEADER |
00831nab#a2200301#ar4500 |
| 001 |
000061645 |
| 003 |
SVKKK |
| 005 |
19960307xxxxxxx. |
| 008 |
06 c xo huno |
| FMT |
|
|
|
| 038 |
|
|
|a SVKKK
|
| 040 |
|
|
|a SVKKK
|b slo
|e AACR2
|
| 041 |
0 |
|
|a hun
|
| 044 |
|
|
|a xo
|c SK
|
| 080 |
|
|
|a 339
|
| 242 |
1 |
0 |
|a Zlacnelo mäso
|
| 245 |
0 |
0 |
|a Olcsóbb lett a hus
|
| 650 |
0 |
4 |
|a Rožňava - mäso (produkt) - zlacnenie - november 1913 - oznámenie
|
| 650 |
0 |
4 |
|a obchod - mäso (produkt) - zlacnenie - Rimavská Sobota - Tornaľa - jeseň 1913 - Gömör-Kishont (noviny) - oznámenie
|
| 773 |
0 |
|
|t Rozsnyói Hiradó
|g Roč. 36, č. 45 (02.11.1913) s. 3
|
| 957 |
|
|
|a Rimavská Sobota
|
| 957 |
|
|
|a Rožňava
|
| 957 |
|
|
|a Tornaľa
|
| 958 |
|
|
|a SK
|
| 974 |
|
|
|a ebl
|d 19960307
|
| 992 |
|
|
|a RBX
|
| BAS |
|
|
|
| 998 |
|
|
|a RETRO
|